| 000 | 00486cam a22001934a 4500 | ||
|---|---|---|---|
| 005 | 20250605164152.0 | ||
| 008 | 250528s ||||||||||||||||||||||||d | ||
| 035 | _a19435 | ||
| 020 | _a960405855Χ | ||
| 040 |
_aGR-AtMCL _bgre _dGR-AtMCL _eAACR2 |
||
| 245 | 1 | _aΕΦΑΡΜΟΓΕΣ ΥΠΟΛΟΓΙΣΤΩΝ | |
| 250 | _a1 | ||
| 260 |
_bΊων, _c1998 |
||
| 300 | _a220 | ||
| 700 | 1 |
_aΑβραμιδης Παναγιωτης _95686 |
|
| 942 | _cBK | ||
| 999 |
_c4691 _d4691 |
||